<?xml version="1.0" encoding="UTF-8"?>
<record
    xmlns:xsi="http://www.w3.org/2001/XMLSchema-instance"
    xsi:schemaLocation="http://www.loc.gov/MARC21/slim http://www.loc.gov/standards/marcxml/schema/MARC21slim.xsd"
    xmlns="http://www.loc.gov/MARC21/slim">

  <leader>03136nam a2200277 a 4500</leader>
  <controlfield tag="001">000003567</controlfield>
  <controlfield tag="003">DO-SdBNP</controlfield>
  <controlfield tag="005">20240302073956.0</controlfield>
  <controlfield tag="008">090710s1999    dr a    r     000 0 spa d</controlfield>
  <datafield tag="040" ind1=" " ind2=" ">
    <subfield code="a">DO-SdBNP</subfield>
    <subfield code="b">spa</subfield>
    <subfield code="c">BNPHU</subfield>
  </datafield>
  <datafield tag="082" ind1=" " ind2=" ">
    <subfield code="a">923.57293</subfield>
    <subfield code="b">O12b</subfield>
  </datafield>
  <datafield tag="100" ind1="1" ind2=" ">
    <subfield code="a">Obj&#xED;o G., C&#xE9;sar</subfield>
    <subfield code="9">6336</subfield>
  </datafield>
  <datafield tag="245" ind1="1" ind2="3">
    <subfield code="a">El busto de M&#xE1;ximo G&#xF3;mez /</subfield>
    <subfield code="c">C&#xE9;sar Obj&#xED;o G.</subfield>
  </datafield>
  <datafield tag="260" ind1=" " ind2=" ">
    <subfield code="a">Ban&#xED; :</subfield>
    <subfield code="b">Impresos del Valle,</subfield>
    <subfield code="c">1999.</subfield>
  </datafield>
  <datafield tag="300" ind1=" " ind2=" ">
    <subfield code="a">204 p. :</subfield>
    <subfield code="b">il. ;</subfield>
    <subfield code="c">21 cm.</subfield>
  </datafield>
  <datafield tag="504" ind1=" " ind2=" ">
    <subfield code="a">Bibliograf&#xED;a : p. 200</subfield>
  </datafield>
  <datafield tag="505" ind1="0" ind2=" ">
    <subfield code="g">Foto de M&#xE1;ximo G&#xF3;mez --</subfield>
    <subfield code="g">Agradecimiento --</subfield>
    <subfield code="g">Dedicatoria --</subfield>
    <subfield code="g">Presentaci&#xF3;n --</subfield>
    <subfield code="g">Introducci&#xF3;n --</subfield>
    <subfield code="t">M&#xE1;ximo G&#xF3;mez : h&#xE9;roe m&#xE1;ximo --</subfield>
    <subfield code="t">M&#xE1;ximo G&#xF3;mez relata la batalla de Palo Seco --</subfield>
    <subfield code="t">Breve autobiograf&#xED;a de M&#xE1;ximo G&#xF3;mez --</subfield>
    <subfield code="t">Con los descendientes de M&#xE1;ximo G&#xF3;mez --</subfield>
    <subfield code="t">Historia --</subfield>
    <subfield code="t">La avenida Independencia --</subfield>
    <subfield code="t">La Avenida M&#xE1;ximo G&#xF3;mez --</subfield>
    <subfield code="t">Cuba rendir&#xE1; homenaje a M&#xE1;ximo G&#xF3;mez --</subfield>
    <subfield code="t">Mensaje --</subfield>
    <subfield code="t">Trabajos en la avenida --</subfield>
    <subfield code="t">Busto de M&#xE1;ximo G&#xF3;mez llega en breve --</subfield>
    <subfield code="t">Est&#xE1; colocado ya el busto --</subfield>
    <subfield code="t">La avenida M&#xE1;ximo G&#xF3;mez esta lista para ser inagurada --</subfield>
    <subfield code="t">El crucero cubano Patria har&#xE1; su llegada del 16 al 17 --</subfield>
    <subfield code="t">Sali&#xF3; ayer de Cuba la comisi&#xF3;n cubana --</subfield>
    <subfield code="t">La tarja a M&#xE1;ximo G&#xF3;mez en Ban&#xED; --</subfield>
    <subfield code="t">Entrevista a Marcos del Rosario --</subfield>
    <subfield code="t">Entrevista a Lucas Ram&#xF3;n, un veterano de la guerra cubana --</subfield>
    <subfield code="t">Invitaci&#xF3;n a los habitantes de Ciudad Trujillo --</subfield>
    <subfield code="t">Ofrenda de la colonia cubana --</subfield>
    <subfield code="t">Llega la delegaci&#xF3;n cubana --</subfield>
    <subfield code="t">Obsequio a Trujillo --</subfield>
    <subfield code="t">Banquete a los periodistas cubanos --</subfield>
    <subfield code="t">Concierto por la banda de m&#xFA;sica cubana --</subfield>
    <subfield code="t">Banquete en la C&#xE1;mara de Diputados --</subfield>
    <subfield code="t">Biograf&#xED;a de Cosme de la Torriente --</subfield>
    <subfield code="t">Editoriales --</subfield>
    <subfield code="t">Entrevistas --</subfield>
    <subfield code="t">Recepci&#xF3;n de la misi&#xF3;n cubana en el Palacio Nacional --</subfield>
    <subfield code="t">Banquete a la misi&#xF3;n cubana --</subfield>
    <subfield code="t">Inaguraci&#xF3;n del busto --</subfield>
    <subfield code="t">Discurso del senador Enrique Recio --</subfield>
    <subfield code="t">Discurso del Lic. V&#xED;ctor Garrido --</subfield>
    <subfield code="t">Fiestas a los visitantes cubano --</subfield>
    <subfield code="t">A las 4:30 : inaguraci&#xF3;n de la tarja en Ban&#xED; --</subfield>
    <subfield code="t">Espl&#xE9;ndido almuerzo a la misi&#xF3;n cubana --</subfield>
    <subfield code="t">Develamiento de la tarja en Ban&#xED; --</subfield>
    <subfield code="t">La misi&#xF3;n cubana en la hacienda Fundaci&#xF3;n --</subfield>
    <subfield code="t">Parada militar en el aerodromo Miraflores --</subfield>
    <subfield code="t">La misi&#xF3;n cubana se despidi&#xF3; del maestro Federico Henr&#xED;quez y Carvajal --</subfield>
    <subfield code="t">Banquete a Trujillo en el crucero Patria --</subfield>
    <subfield code="t">Se embarca la misi&#xF3;n cubana --</subfield>
    <subfield code="t">Despedida a la misi&#xF3;n cubana --</subfield>
    <subfield code="t">Se despide la misi&#xF3;n cubana --</subfield>
    <subfield code="t">Agradecimiento de Cuba a Trujillo --</subfield>
    <subfield code="t">Centenario de M&#xE1;ximo G&#xF3;mez en La Habana -</subfield>
  </datafield>
  <datafield tag="505" ind1="0" ind2=" ">
    <subfield code="a">Destino final del busto --</subfield>
    <subfield code="t">Proyecto de ley para llevar el busto a Ban&#xED; --</subfield>
    <subfield code="t">Regocija a Ban&#xED; traslado del busto --</subfield>
    <subfield code="t">C&#xE1;maras aprueban proyecto traslado del busto a Ban&#xED; --</subfield>
    <subfield code="t">Promulgan ley --</subfield>
    <subfield code="t">Recepci&#xF3;n e instalaci&#xF3;n del busto --</subfield>
    <subfield code="t">Nueva inaguraci&#xF3;n del busto --</subfield>
    <subfield code="t">Not&#xED;culas --</subfield>
    <subfield code="t">Bibliograf&#xED;a</subfield>
  </datafield>
  <datafield tag="600" ind1="1" ind2="0">
    <subfield code="a">G&#xF3;mez, M&#xE1;ximo,</subfield>
    <subfield code="d">1836-1905</subfield>
    <subfield code="9">12249</subfield>
  </datafield>
  <datafield tag="651" ind1="1" ind2="4">
    <subfield code="a">Cuba</subfield>
    <subfield code="x">Historia</subfield>
    <subfield code="y">Guerra de los diez a&#xF1;os, 1868-1878</subfield>
    <subfield code="9">11018</subfield>
  </datafield>
  <datafield tag="651" ind1="1" ind2="4">
    <subfield code="a">Cuba</subfield>
    <subfield code="x">Historia</subfield>
    <subfield code="y">Guerra de independencia, 1895-1898</subfield>
    <subfield code="9">11019</subfield>
  </datafield>
  <datafield tag="651" ind1="1" ind2="4">
    <subfield code="a">Rep&#xFA;blica Dominicana</subfield>
    <subfield code="x">Relaciones Exteriores</subfield>
    <subfield code="z">Cuba</subfield>
    <subfield code="9">1700</subfield>
  </datafield>
  <datafield tag="651" ind1="1" ind2="4">
    <subfield code="a">Cuba</subfield>
    <subfield code="x">Relaciones Exteriores</subfield>
    <subfield code="z">Rep&#xFA;blica Dominicana</subfield>
    <subfield code="9">1701</subfield>
  </datafield>
  <datafield tag="910" ind1=" " ind2=" ">
    <subfield code="a">Validado. Control de calidad MMOLINA</subfield>
  </datafield>
  <datafield tag="942" ind1=" " ind2=" ">
    <subfield code="2">ddc</subfield>
    <subfield code="c">LBS1</subfield>
  </datafield>
  <datafield tag="952" ind1=" " ind2=" ">
    <subfield code="0">0</subfield>
    <subfield code="1">0</subfield>
    <subfield code="7">1</subfield>
    <subfield code="8">PD</subfield>
    <subfield code="a">PD</subfield>
    <subfield code="b">PD</subfield>
    <subfield code="c">HD</subfield>
    <subfield code="d">2009-07-10</subfield>
    <subfield code="i">LF1</subfield>
    <subfield code="l">0</subfield>
    <subfield code="o">923.57293 O12b</subfield>
    <subfield code="p">3567-10</subfield>
    <subfield code="r">2020-06-25</subfield>
    <subfield code="w">2020-06-25</subfield>
    <subfield code="y">LFPD</subfield>
    <subfield code="Z">No se presta</subfield>
  </datafield>
  <datafield tag="999" ind1=" " ind2=" ">
    <subfield code="c">3391</subfield>
    <subfield code="d">3391</subfield>
  </datafield>
</record>
